000 01836nam a2200301 a 4500
001 1716553
003 AM-YEHGA
005 20250618075907.0
008 201217s2020 ai |o||gr|||||001|0|arm||
020 _a9789939850481
040 _aAM-YeHGA
041 0 _aarm
100 1 _aՕրմանյան, Մաղաքիա
_cարքեպիսկոպոս,
_d1841-1918
_91548
245 1 0 _aՀայոց եկեղեցին և նրա պատմությունը, վարդապետությունը, վարչարարությունը, ներքին կարգը, արարողությունը, գրականությունը ու ներկա կացությունը /
_cՄաղաքիա Արք. Օրմանյան ; Խմբ.՝ Խ. Գրիգորյան, Զ. Գրիգորյան ; Ծանոթագր.՝ Ղ. քհն. Մայիլյան ; Արևմտահայերենից արևելահայերեն փոխադրում՝ Թ. Վարդանյան.
250 _aԵրկրորդ, վերանայված հրատարակություն.
260 _aԵրևան :
_bԱնկյունաքար,
_c2020.
300 _a314 էջ + 8 ներդիր թ. :
_bլուսանկար ;
_c21 սմ.
500 _aՏիտղոսաթերթից առաջ՝ 1911 թ. հրատարակության տիտղոսաթերթը:
504 _aՏողատակում՝ մատենագիտական ծանոթագրություններ:
525 _aՀավելված՝ էջ 270-310:
610 2 4 _aՀայաստանյայց Առաքելական Սուրբ Եկեղեցի
_xՊատմություն
700 1 _aԳրիգորյան, Խաչիկ
_eխմբագիր
_4edt
700 1 _aԳրիգորյան, Զ.
_eխմբագիր
_4edt
700 1 _aՄայիլյան, Ղեւոնդ
_eծանոթագրող
_4cmm
_cքհն
700 1 _aՎարդանյան, Թ.
_eփոխադրող
_4trl
_eծանոթագրող
_4cmm
942 _2udc
_cBK
090 _c511118
999 _c507690
_d507690